Statistics for Top Half of Every Country Shape

Click here to take the quiz!

General Stats

  • This quiz has been taken 141 times
  • The average score is 64 of 189

Answer Stats

Top HalfCountry% Correct
Cyprus
99%
Iceland
76%
United Kingdom
73%
Panama
72%
Spain
72%
Cuba
70%
Australia
69%
United States
69%
Mozambique
68%
Somalia
68%
Mexico
66%
Indonesia
65%
Italy
65%
Mali
65%
Canada
64%
Egypt
64%
Maldives
64%
Chile
61%
Greece
61%
Norway
61%
Russia
61%
Japan
59%
Jordan
59%
Mauritania
59%
Namibia
59%
Netherlands
59%
Sri Lanka
59%
Turkey
59%
France
58%
Bahamas
57%
Guinea-Bissau
55%
Israel
55%
New Zealand
54%
Croatia
53%
Gabon
53%
Chad
51%
Afghanistan
50%
Georgia
50%
Libya
50%
Gambia
49%
Uzbekistan
49%
Belize
47%
Portugal
47%
Solomon Islands
47%
Brunei
46%
Bulgaria
46%
China
46%
Papua New Guinea
46%
Saint Kitts and Nevis
46%
Vietnam
46%
Costa Rica
45%
Guatemala
45%
India
45%
Turkmenistan
45%
Brazil
43%
Cameroon
43%
Kuwait
43%
Malaysia
43%
Philippines
43%
Qatar
43%
Sudan
43%
Venezuela
43%
Iran
42%
Nepal
41%
Pakistan
41%
Peru
41%
Saudi Arabia
41%
Tanzania
41%
Monaco
39%
Serbia
39%
Azerbaijan
38%
Ireland
38%
Liechtenstein
38%
Malawi
38%
Estonia
36%
Iraq
36%
Latvia
36%
South Korea
36%
Vatican City
36%
Zambia
36%
Zimbabwe
36%
Haiti
35%
Malta
35%
Nigeria
35%
United Arab Emirates
35%
Angola
34%
Cape Verde
34%
Fiji
34%
Finland
34%
Jamaica
34%
Madagascar
34%
Tajikistan
34%
Colombia
32%
Luxembourg
32%
Paraguay
32%
Poland
32%
Republic of the Congo
32%
Benin
31%
Botswana
31%
Ghana
31%
Kenya
31%
Laos
31%
South Africa
31%
St. Vincent and the Grenadines
31%
Germany
30%
Montenegro
30%
Saint Lucia
30%
Barbados
28%
Hungary
28%
Kazakhstan
28%
Morocco
28%
South Sudan
28%
Thailand
28%
Bosnia and Herzegovina
27%
Burundi
27%
Czech Republic
27%
East Timor
27%
Kosovo
27%
Liberia
27%
Swaziland
27%
Honduras
26%
Mongolia
26%
North Korea
26%
Trinidad and Tobago
26%
Denmark
24%
Guyana
24%
Seychelles
24%
Algeria
23%
Lithuania
23%
Togo
23%
Dominica
22%
Slovenia
22%
Uruguay
22%
Antigua and Barbuda
20%
Bhutan
20%
Lebanon
20%
Singapore
20%
Ukraine
20%
Armenia
19%
Argentina
18%
Bolivia
18%
Cambodia
18%
Romania
18%
São Tomé and Príncipe
18%
Yemen
18%
Bahrain
16%
Bangladesh
16%
Burma
16%
Comoros
16%
Palau
16%
Suriname
16%
Syria
16%
Albania
15%
Andorra
15%
Belgium
15%
Equatorial Guinea
15%
Grenada
15%
Mauritius
15%
Tunisia
15%
Uganda
15%
Central African Republic
14%
D.R. Congo
14%
Lesotho
14%
Niger
14%
Rwanda
12%
Switzerland
12%
El Salvador
11%
Kyrgyzstan
11%
Sweden
11%
Côte d'Ivoire
9%
Dominican Republic
9%
Macedonia
9%
Samoa
9%
Taiwan
9%
Austria
8%
Ecuador
8%
San Marino
8%
Sierra Leone
8%
Belarus
7%
Eritrea
7%
Moldova
7%
Oman
7%
Slovakia
7%
Burkina Faso
5%
Ethiopia
5%
Djibouti
4%
Nicaragua
4%
Senegal
4%
Guinea
3%

Score Distribution

Percentile by Number Answered

Percent of People with Each Score

Your Score History

You have not taken this quiz